000 00380nam a2200145Ia 4500
008 230917s9999||||xx |||||||||||||| ||und||
040 _e49596
_aMAIN
041 _aEnglish
082 _a823.7 E44S
100 _aEliot, George
245 0 _aSilas mariner the lifted veil brother Jacob
260 _aLondon
_bOxford University Press
_c1964
300 _axix, 380 p.
942 _cBK
999 _c187544
_d187544